Guess the Phineas and Ferb Song I Quiz Stats

 Plays Quiz not verified by Sporcle

Support Sporcle.
Go Orange.
Score 0/128 Timer 07:00
0 Plays Today
% Correct
the
82.1%
the
82.1%
the
82.1%
the
82.1%
the
82.1%
the
82.1%
the
82.1%
Ooh-hoo
80.5%
an
61.8%
an
61.8%
an
61.8%
an
61.8%
an
61.8%
you
60.2%
and
56.1%
we
47.2%
we
47.2%
be
46.3%
to
46.3%
to
46.3%
be
46.3%
to
46.3%
can
44.7%
can
44.7%
Love
41.5%
love
41.5%
love
41.5%
love
41.5%
love
41.5%
love
41.5%
I'm
38.2%
I'm
38.2%
my
35.8%
my
35.8%
of
35.8%
got
35%
got
35%
got
35%
at
33.3%
at
33.3%
all
32.5%
I
32.5%
all
32.5%
% Correct
when
31.7%
it's
30.9%
It's
30.9%
It's
30.9%
evil
30.1%
as
30.1%
as
30.1%
evil
30.1%
evil
30.1%
evil
30.1%
as
30.1%
as
30.1%
evil
30.1%
evil
30.1%
evil
30.1%
evil
30.1%
how
29.3%
how
29.3%
a
27.6%
a
27.6%
a
27.6%
a
27.6%
boy
26.8%
girl
26.8%
our
26.8%
our
26.8%
boy
26.8%
girl
26.8%
was
26%
world
26%
world
26%
can't
26%
old
23.6%
meets
23.6%
strong
23.6%
old
23.6%
meets
23.6%
strong
23.6%
now
22.8%
happy
22.8%
story
22.8%
rule
22.8%
whole
22.8%
% Correct
wide
22.8%
happy
22.8%
story
22.8%
rule
22.8%
whole
22.8%
wide
22.8%
enough
22%
same
22%
stuff
22%
enough
22%
same
22%
stuff
22%
age
21.1%
we've
21.1%
laugh
21.1%
I've
21.1%
age
21.1%
we've
21.1%
laugh
21.1%
both
19.5%
both
19.5%
maniacally
17.9%
yes
17.9%
maniacally
17.9%
that's
17.9%
crazy
17.1%
new
17.1%
robot
17.1%
hearts
17.1%
built
17.1%
once
16.3%
dream
16.3%
scheme
16.3%
plan
16.3%
armies
15.4%
march
15.4%
beating
15.4%
foil
15.4%
upon
15.4%
other
14.6%
found
13.8%
half
13.8%

You're not logged in!

Compare scores with friends on all Sporcle quizzes.
OR
Log In

From the Vault

NBA Top 100 Per Game Scorers

by ec2tc3

Just try and give this one a 'shot'.
Remove Ads.
Support Sporcle.
Get the best of Sporcle when you Go Orange. This ad-free experience offers more features, more stats, and more fun while also helping to support Sporcle. Thank you for becoming a member.

Show Comments

Extras

Created Mar 18, 2012ReportNominate
Tags:Character, Ferb, phineas

Top Quizzes Today


Score Distribution

Your Account Isn't Verified!

In order to create a playlist on Sporcle, you need to verify the email address you used during registration. Go to your Sporcle Settings to finish the process.

Report this User

Report this user for behavior that violates our Community Guidelines.

Details: